Road to Brighton pier (Record no. 368804)

000 -LEADER
fixed length control field 00385cam a22001337a 4500
008 - FIXED-LENGTH DATA ELEMENTS--GENERAL INFORMATION
fixed length control field 180718b1959 xxu||||| |||| 00| 0 eng d
082 ## - DEWEY DECIMAL CLASSIFICATION NUMBER
Classification number F51x42 H917
100 ## - MAIN ENTRY--PERSONAL NAME
Personal name Hunter, Leslie
245 ## - TITLE STATEMENT
Title Road to Brighton pier
Statement of responsibility, etc. by Leslie Hunter
260 ## - PUBLICATION, DISTRIBUTION, ETC.
Place of publication, distribution, etc. London
Name of publisher, distributor, etc. Arthur Baker
Date of publication, distribution, etc. 1959
300 ## - PHYSICAL DESCRIPTION
Extent 224p.
650 ## - SUBJECT ADDED ENTRY--TOPICAL TERM
Topical term or geographic name entry element Labour Party (Great Britain)
650 ## - SUBJECT ADDED ENTRY--TOPICAL TERM
Topical term or geographic name entry element Gaitskell, Hugh Todd Naylor, 1906-
Holdings
Withdrawn status Lost status Damaged status Not for loan Permanent Location Current Location Date acquired Full call number Barcode Date last seen Price effective from Koha item type
        Indian Institute of Public Administration Indian Institute of Public Administration 1994-05-27 F51x42 H917 18425 2018-07-21 2018-07-21 Book

Powered by Koha